Saltar al contenido
Inicio
Centros participantes
Catálogo
Servicios
Contacto
登錄
English
Deutsch
Español
Français
Italiano
日本語
Nederlands
Português
Português (Brasil)
中文(简体)
中文(繁體)
Türkçe
עברית
Gaeilge
Cymraeg
Ελληνικά
Català
Euskara
Русский
Čeština
Suomi
Svenska
polski
Dansk
slovenščina
اللغة العربية
বাংলা
Galego
Tiếng Việt
Hrvatski
हिंदी
Հայերէն
Українська
Sámegiella
語言
全文檢索
題名
作者
主題
索引號
ISBN/ISSN
標簽
檢索
高級檢索
Guatemala
引用
推薦此
打印
導出紀錄
導出到 RefWorks
導出到 EndNoteWeb
導出到 EndNote
加到收藏夾
Enlace Permanente
Agregar primera valuación
Guatemala
Guardado en:
書目詳細資料
格式:
Texto
主題:
RELIGION
IGLESIA
POLITICA
GUATEMALA
標簽:
添加標簽
沒有標簽, 成為第一個標記此記錄!
持有資料
實物特徵
您的評論
相似書籍
職員瀏覽
MARC
LEADER
00000 a a2200000 04500
001
44460
003
040
245
|a
Guatemala
650
|a
RELIGION
650
|a
IGLESIA
650
|a
POLITICA
650
|a
GUATEMALA
773
|g
volumen7, número34 (1983), Página 531
999
|c
22227
|d
22227
相似書籍
Guatemala
Guatemala: las relaciones iglesia-gobierno
Religión civil o religión de estado : el conflicto durante la reforma liberal en Guatemala y Costa Rica
由: Cedeño Castro, Rogelio 1946-
出版: (2004)
Guatemala : retos de la iglesia católica en una sociedad en crisis
由: Samandu, Luis, et al.
出版: (1990)
Tercera parte : la realidad social de la diosesis de Guatemala /
由: García Añoveros, Jesús María